All English Clubs to participate in the UCL - Statistics

General Stats
  • This quiz has been taken 29 times
  • The average score is 11 of 12
Answer Stats
# of times participated Clubs % Correct
22 Arsenal FC
100%
21 Chelsea FC
100%
1 Leicester City
100%
18 Liverpool FC
100%
16 Manchester City
100%
27 Manchester United
100%
7 Tottenham Hotspur
100%
1 Everton
93%
5 Newcastle United
93%
1 Aston Villa
89%
1 Blackburn Rovers
89%
2 Leeds United
78%
No matching quizzes found
Score Distribution
Percent of People with Each Score
Percentile by Number Answered
Your Score History
You have not taken this quiz